000 00453nam a2200169Ia 4500
008 260407s2026 xx 000 0 und d
041 _aeng
082 _a615.321/GOK
_b11399
100 _aDR.S.B.GHOKHALE
245 _aPHARMACOGONOSY AND PHYTOCHEMISTRY-I
250 _a5TH
260 _aPUNE
_bNIRALI PRAKASHAN
_c2026
300 _a11.53p
650 _aPHARMACOGNOSY
650 _aPHARMACOGONOSY AND PHYTHO CHEMISTRY-I
700 _aDR.C.K.KOKATE
999 _c1218891
_d1218891